Pokémon que empiezan por la letra P - Estadísticas

Estadísticas generales
  • Esta prueba ha sido intentada 34 veces
  • La puntuación promedio es 33 de 66
Estadísticas de respuestas
Gen. Tipo Nombre % Correcto
I Eléctrico Pikachu
96%
I Normal/Volador Pidgeot
85%
I Normal/Volador Pidgey
85%
I Agua Poliwhirl
81%
I Agua Poliwag
77%
I Agua/Lucha Poliwrath
77%
II Eléctrico Pichu
69%
VI Lucha Pancham
65%
VI Lucha/Siniestro Pangoro
65%
I Planta/Bicho Paras
65%
I Planta/Bicho Parasect
65%
I Bicho Pinsir
65%
I Fuego Ponyta
62%
IV Agua/Dragon Palkia
58%
V Agua Panpour
58%
V Planta Pansage
58%
V Fuego Pansear
58%
III Agua/Volador Pelipper
58%
IV Agua Piplup
58%
II Agua Politoed
58%
VII Agua/Hada Primarina
58%
I Lucha Primeape
58%
II Hielo/Tierra Piloswine
54%
III Siniestro Poochyena
54%
I Normal Porygon
54%
I Agua Psyduck
54%
IV Eléctrico Pachirisu
50%
V Fuego/Lucha Pignite
50%
VII Agua Popplio
50%
VI Fuego/Normal Pyroar
50%
V Normal Patrat
46%
IX Eléctrico/Lucha Pawmo
46%
IX Eléctrico/Lucha Pawmot
46%
V Siniestro/Acero Pawniard
46%
VI Fantasma/Planta Phantump
46%
I Normal/Volador Pidgeotto
46%
V Normal/Volador Pidove
46%
II Normal Porygon 2
46%
IV Normal Porygon z
46%
IV Agua Prinplup
46%
VII Fantasma/Tierra Palossand
42%
v Agua/Tierra Palpitoad
42%
IX Eléctrico Pawmi
42%
I Normal Persian
42%
VII Bicho/Lucha Pheromosa
42%
III Eléctrico Plusle
42%
IV Roca/Acero Probopass
42%
II Bicho Pineco
38%
VI Fantasma/Planta Pumpkaboo
38%
II Roca/Tierra Pupitar
38%
VII Agua Pyukumuku
38%
IX Agua Palafin
35%
VII Lucha Passimian
35%
IX Veneno/Fantasma Pecharunt
35%
II Tierra Phanpy
35%
IV Agua Phione
35%
VII Normal/Volador Pikipek
35%
VIII Eléctrico Pincurchin
35%
V Planta Petilil
31%
VII Veneno Poipole
31%
VIII Fantasma Polteageist
31%
IX Eléctrico/Tierra Pelarena
27%
V Siniestro Purrloin
27%
IX Planta/Fantasma Poltchageist
23%
IV Normal Purugly
23%
VIII Acero Perrserker
19%
No se encontraron pruebas coincidentes
Distribución de puntuación
Porcentaje de gente con cada puntuación
Porcentaje por número respondido
Historial de tus puntuaciones
No has intentado esta prueba.